Engelske adverb 1 - Statistics

General Stats
  • This quiz has been taken 108 times
    62 since last reset
  • The average score is 9 of 21
Answer Stats
Hint Answer % Correct
For det meste Mostly
79%
Antakeligvis Probably
71%
Generelt Generally / In general
64%
Plutselig Suddenly / All of a sudden
64%
Så vidt Barely
50%
Definitivt Definitely
50%
Åpenbart Obviously
50%
Muligens Possibly
50%
Vanligvis Usually
50%
Fullstendig Completely
43%
Nøyaktig Exactly / Accurately
43%
Raskt Quickly / Rapidly
43%
Nylig Recently
43%
Nå for tiden/Nåværende Currently
36%
Spesielt Especially / Particularly
36%
Umiddelbart Immediately
36%
Sannsynlig Likely
36%
Omtrent Roughly / Approximately
29%
Etter hvert Eventually
14%
Delvis Partially
14%
Av og til Occasionally
7%
No matching quizzes found
Score Distribution
Percent of People with Each Score
Percentile by Number Answered
Your Score History
You have not taken this quiz since the last reset